| 000 | 01059nam a22002057a 4500 | ||
|---|---|---|---|
| 999 |
_c69785 _d69785 |
||
| 005 | 20210325211809.0 | ||
| 008 | s2554 th tha d | ||
| 040 | _aNALT | ||
| 041 | _atha | ||
| 050 |
_aPN 4836.M4 _bพ587น 2554 |
||
| 100 | 0 |
_aพัสพงศ์ ศรีประเสริฐ _948263 |
|
| 245 | 1 | 0 |
_aแนวทางการจัดการการนำเสนอภาพเปลือยผ่านนิตยสารสำหรับผู้ชาย / _cพัสพงศ์ ศรีประเสริฐ. |
| 260 |
_aกรุงเทพฯ : _bวิทยาลัยนวัตกรรม มหาวิทยาลัยธรรมศาสตร์, _c2554. |
||
| 300 |
_a151 หน้า : _bภาพประกอบ, ตาราง ; _c30 ซม. |
||
| 650 | 4 |
_aภาพเปลือย _948264 |
|
| 650 | 4 |
_aนิตยสารกามารมณ์ _948266 |
|
| 850 | _aNALT | ||
| 942 |
_cRSH _2lcc |
||